Ilbon sanch'on ŭi chiyŏk hwalsŏnghwa wa sahoe kujo /

Saved in:
நூற்பட்டியல் விவரங்கள்
தலைமை எழுத்தாளர்: Pak, Kwang-sun, 1935- (Author)
வடிவம்: புத்தகம்
மொழி:Korean
வெளியீடப்பட்டது: Sŏul T'ŭkpyŏlsi : Kyŏngin Munhwasa, 2001.
பகுதிகள்:
குறியீடுகள்: குறிச்சொல் இணை
குறியீடுகள் இல்லை, இந்த குறிச்சொல்லை முதலில் பதிவு செய்யுங்கள்!
LEADER 01142cam a2200313Ii 4500
001 008819874-X
005 20140627131056.0
008 140602s2001 ko a b 000 0dkor d
020 |a 8949901307 
020 |a 9788949901305 
035 0 |a ocn880855017 
040 |a HMY  |b eng  |e rda  |c HMY  |d OCLCO  |d HMY 
050 4 |a HN730.Z9  |b P35 2001 
100 1 |6 880-01  |a Pak, Kwang-sun,  |d 1935-  |e author. 
245 1 0 |6 880-02  |a Ilbon sanch'on ŭi chiyŏk hwalsŏnghwa wa sahoe kujo /  |c Pak Kwang-sun [and 5 others]. 
264 1 |6 880-03  |a Sŏul T'ŭkpyŏlsi :  |b Kyŏngin Munhwasa,  |c 2001. 
300 |a 345 pages :  |b illustrations ;  |c 23 cm 
336 |a text  |2 rdacontent 
337 |a unmediated  |2 rdamedia 
338 |a volume  |2 rdacarrier 
504 |a Includes bibliographical references (pages 329-340) and index. 
650 0 |a Rural development  |z Japan. 
651 0 |a Japan  |x Social conditions. 
880 1 |6 100-01  |a 박광순,  |d 1935-,  |e author. 
880 1 0 |6 245-02  |a 일본산촌의지역활성화와사회구조 /  |c 박광순 [and 5 others]. 
880 1 |6 264-03  |a 서울특별시 :  |b 景仁文化社,  |c 2001. 
988 |a 20020608 
049 |a HMYY 
906 |0 MH